[Event "10. Torneo I. Cidade de Pontevedra 2022"]
[Site "Pontevedra ESP"]
[Date "2022.07.24"]
[Round "1.25"]
[White "Bringas Gomez, Artai"]
[Black "Martin Andres, Carlos"]
[Result "1-0"]
[WhiteElo "2203"]
[BlackElo "1924"]
[PlyCount "109"]
[EventDate "2022.07.24"]
[EventType "swiss"]
[EventRounds "9"]
[EventCountry "ESP"]
[SourceTitle "Ajedrez en Madrid"]
[Source "lmi"]
[SourceDate "2022.07.24"]
[SourceVersion "1"]
[SourceVersionDate "2022.08.06"]
[SourceQuality "1"]

1. d4 Nf6 2. Nf3 g6 3. g3 Bg7 4. Bg2 d6 5. O-O O-O 6. b3 e5 7. e3 e4 8. Nfd2 d5
9. c4 c6 10. b4 Bg4 11. Qb3 Qd7 12. Nc3 Be6 13. a4 Rc8 14. Ba3 Ne8 15. c5 Qc7
16. b5 Nd7 17. Rac1 f5 18. f3 Bh6 19. Ne2 Ng7 20. Nf4 Bxf4 21. gxf4 Rcb8 22.
Bb4 a6 23. Nb1 Kf7 24. Nc3 Qc8 25. Ne2 Ra7 26. Rc2 Nf6 27. Rb1 axb5 28. axb5
cxb5 29. Nc3 Qc6 30. Bf1 exf3 31. Nxb5 Raa8 32. Nd6+ Kg8 33. Bb5 Qc7 34. c6 b6
35. Bd3 Nge8 36. Nb5 Qg7 37. Kh1 Qh6 38. Bf1 Ne4 39. Be1 N8f6 40. Nc3 Ng4 41.
Nxe4 fxe4 42. Bg3 Rc8 43. c7 Bf5 44. Qxd5+ Kh8 45. Qb3 Qg7 46. Rbc1 Nf6 47. d5
Qd7 48. Qb2 Qg7 49. d6 Nd7 50. Qb4 Qf6 51. Be1 Qf7 52. Bc3+ Kg8 53. Qd4 Kf8 54.
Bc4 Qf6 55. Qd5 1-0

[Event "10. Torneo I. Cidade de Pontevedra 2022"]
[Site "Pontevedra ESP"]
[Date "2022.07.24"]
[Round "1.26"]
[White "Sarabando, Rodrigo Andias"]
[Black "Villar Perez, Samuel"]
[Result "0-1"]
[WhiteElo "1915"]
[BlackElo "2188"]
[PlyCount "104"]
[EventDate "2022.07.24"]
[EventType "swiss"]
[EventRounds "9"]
[EventCountry "ESP"]
[SourceTitle "Ajedrez en Madrid"]
[Source "lmi"]
[SourceDate "2022.07.24"]
[SourceVersion "1"]
[SourceVersionDate "2022.08.06"]
[SourceQuality "1"]

1. d4 Nf6 2. c4 e6 3. g3 c5 4. d5 exd5 5. cxd5 d6 6. Bg2 g6 7. Nf3 Bg7 8. Nc3
O-O 9. O-O Re8 10. Nd2 b6 11. Re1 Ba6 12. a4 Nbd7 13. h3 Qe7 14. Qc2 Ne5 15.
Nb5 Bb7 16. Nc3 a6 17. e4 c4 18. Rd1 Rac8 19. Nf1 Nd3 20. Be3 Nd7 21. Nd2 Nb4
22. Qb1 Qd8 23. Bf1 Ne5 24. f4 Ned3 25. Nxc4 Rxc4 26. Bxd3 Nxd3 27. Qxd3 Rb4
28. Rab1 Qd7 29. Kh2 h5 30. Re1 Bc8 31. f5 gxf5 32. Bf2 fxe4 33. Nxe4 Qxh3+ 34.
Kg1 Rd8 35. b3 Bf5 36. Qf3 Qg4 37. Qxg4 hxg4 38. Nd2 Bxb1 39. Rxb1 Rc8 40. Kf1
Rc2 41. Ke2 Bh6 42. Be3 Re4 43. Kd3 Rxe3+ 44. Kxc2 Re2 45. Rd1 Kg7 46. Kd3
Rxd2+ 47. Rxd2 Bxd2 48. Kxd2 Kf6 49. Kd3 Ke5 50. Kc4 f5 51. b4 f4 52. gxf4+
Kxf4 0-1

[Event "10. Torneo I. Cidade de Pontevedra 2022"]
[Site "Pontevedra ESP"]
[Date "2022.07.24"]
[Round "1.27"]
[White "Torres Boch, Jose Francisco"]
[Black "Roque Sola, Andrea"]
[Result "1-0"]
[WhiteElo "2188"]
[BlackElo "1913"]
[PlyCount "59"]
[EventDate "2022.07.24"]
[EventType "swiss"]
[EventRounds "9"]
[EventCountry "ESP"]
[SourceTitle "Ajedrez en Madrid"]
[Source "lmi"]
[SourceDate "2022.07.24"]
[SourceVersion "1"]
[SourceVersionDate "2022.08.06"]
[SourceQuality "1"]

1. e4 e6 2. d4 d5 3. Nc3 Nf6 4. e5 Nfd7 5. f4 c5 6. Nf3 Nc6 7. Be3 a6 8. Qd2 b5
9. dxc5 Bxc5 10. Bd3 Qb6 11. Bf2 Bxf2+ 12. Qxf2 Qxf2+ 13. Kxf2 Nb6 14. Ne2 Bd7
15. Ned4 Nxd4 16. Nxd4 f5 17. h3 Kf7 18. g4 g6 19. b3 Rhg8 20. Rag1 Raf8 21.
Ke3 Ke7 22. h4 Be8 23. Be2 h6 24. Rg2 g5 25. hxg5 hxg5 26. gxf5 gxf4+ 27. Kf3
exf5 28. Rh7+ Rf7 29. Nxf5+ Ke6 30. Rh6+ 1-0

[Event "10. Torneo I. Cidade de Pontevedra 2022"]
[Site "Pontevedra ESP"]
[Date "2022.07.24"]
[Round "1.28"]
[White "Carballo Noya, Miguel"]
[Black "Deleyn, Gunter"]
[Result "1/2-1/2"]
[WhiteElo "1910"]
[BlackElo "2181"]
[PlyCount "69"]
[EventDate "2022.07.24"]
[EventType "swiss"]
[EventRounds "9"]
[EventCountry "ESP"]
[SourceTitle "Ajedrez en Madrid"]
[Source "lmi"]
[SourceDate "2022.07.24"]
[SourceVersion "1"]
[SourceVersionDate "2022.08.06"]
[SourceQuality "1"]

1. e4 g6 2. f4 Bg7 3. Nc3 c5 4. Nf3 Nc6 5. Bc4 e6 6. O-O d6 7. d3 Nge7 8. Qe1
O-O 9. Qh4 Nd4 10. f5 gxf5 11. Bh6 Ng6 12. Qh5 Bxh6 13. Qxh6 Qf6 14. Ng5 Qg7
15. Qh5 f4 16. Bb3 b5 17. a4 b4 18. Nb5 Nxb3 19. cxb3 Rd8 20. e5 Nxe5 21. Rxf4
Bb7 22. g3 h6 23. Nxf7 Nxf7 24. Nc7 Ng5 25. Nxa8 e5 26. Rf5 Bxa8 27. Raf1 Bd5
28. Rf6 Bf7 29. Qh4 Rd7 30. Rxh6 Nh7 31. Rxh7 Qxh7 32. Qg4+ Bg6 33. Rf6 Kg7 34.
Rxg6+ Qxg6 35. Qxd7+ 1/2-1/2

[Event "10. Torneo I. Cidade de Pontevedra 2022"]
[Site "Pontevedra ESP"]
[Date "2022.07.24"]
[Round "1.29"]
[White "Tadevosyan, Aspet"]
[Black "Alonso Pacheco, Luis Joaquin"]
[Result "1-0"]
[WhiteElo "2177"]
[BlackElo "1903"]
[PlyCount "108"]
[EventDate "2022.07.24"]
[EventType "swiss"]
[EventRounds "9"]
[EventCountry "ESP"]
[SourceTitle "Ajedrez en Madrid"]
[Source "lmi"]
[SourceDate "2022.07.24"]
[SourceVersion "1"]
[SourceVersionDate "2022.08.06"]
[SourceQuality "1"]

1. d4 d5 2. Nf3 Nf6 3. c4 e6 4. e3 Be7 5. Bd3 O-O 6. O-O b6 7. b3 Bb7 8. Bb2
Nbd7 9. Nc3 Rc8 10. Qe2 c5 11. Rac1 Ne4 12. cxd5 Nxc3 13. Bxc3 Bxd5 14. Rfd1
Bxf3 15. Qxf3 cxd4 16. Bxd4 Rxc1 17. Rxc1 Bf6 18. Qe4 g6 19. Bb5 Bxd4 20. Qxd4
Nf6 21. Qc3 Nd5 22. Qe5 Qf6 23. Qxf6 Nxf6 24. Kf1 Rd8 25. Ke2 Rd6 26. f3 h5 27.
e4 e5 28. h4 a5 29. Rc7 Kg7 30. Rc6 Rxc6 31. Bxc6 Kf8 32. Kd3 Ke7 33. Kc4 Kd6
34. Kb5 Kc7 35. g3 Nh7 36. Be8 g5 37. Bxf7 gxh4 38. gxh4 Nf6 39. a4 Kb7 40. Bg6
Kc7 41. Bf7 Kb7 42. Bd5+ Kc7 43. Kc4 Kd6 44. Bf7 Kc6 45. Bg6 Kd6 46. Kd3 Kc5
47. Ke3 Kc6 48. Bf7 Kc5 49. f4 Kd6 50. Kf3 exf4 51. Kxf4 Ke7 52. Bc4 Nh7 53.
Kf5 Nf6 54. Be2 Nd7 1-0

[Event "10. Torneo I. Cidade de Pontevedra 2022"]
[Site "Pontevedra ESP"]
[Date "2022.07.24"]
[Round "1.30"]
[White "Reguillaga Elias, Manex"]
[Black "Gonzalez Perez, Jose Ramon"]
[Result "1-0"]
[WhiteElo "1901"]
[BlackElo "2161"]
[PlyCount "213"]
[EventDate "2022.07.24"]
[EventType "swiss"]
[EventRounds "9"]
[EventCountry "ESP"]
[SourceTitle "Ajedrez en Madrid"]
[Source "lmi"]
[SourceDate "2022.07.24"]
[SourceVersion "1"]
[SourceVersionDate "2022.08.06"]
[SourceQuality "1"]

1. d4 Nf6 2. c4 e6 3. Nc3 c5 4. d5 exd5 5. cxd5 d6 6. e4 g6 7. h3 Bg7 8. Nf3
O-O 9. Bd3 b5 10. Nxb5 Re8 11. O-O Nxe4 12. Re1 a6 13. Na3 Nf6 14. Rxe8+ Nxe8
15. Nc4 Bb7 16. Bf1 Nd7 17. Bg5 Qc7 18. Bf4 Nb6 19. Nxb6 Qxb6 20. Rb1 Nc7 21.
Bc4 Re8 22. b3 Nb5 23. Qd2 Qd8 24. a4 Nc3 25. Rc1 Ne4 26. Qd3 Qf6 27. Bh2 Nc3
28. Re1 Rxe1+ 29. Nxe1 Qe7 30. Nc2 a5 31. Ne3 Be5 32. Ng4 Bd4 33. Ne3 f5 34.
Nc2 Bxd5 35. Bxd5+ Nxd5 36. Qc4 Qe6 37. Nxd4 cxd4 38. Bg3 f4 39. Bh4 f3 40.
Qxd4 fxg2 41. Kxg2 Qf5 42. Bg3 Qe6 43. Qd2 Qe4+ 44. Kh2 Nb4 45. Qxd6 Nd3 46.
Qd8+ Kf7 47. Qc7+ Kg8 48. Qc8+ Kg7 49. Qc7+ Kh6 50. h4 Qf5 51. Qc2 Kg7 52. Qd2
h6 53. Qe3 h5 54. Qe7+ Kg8 55. Qd8+ Kh7 56. Qd4 Kg8 57. Qd8+ Kh7 58. Qe7+ Kg8
59. Kg1 Kh8 60. Qe8+ Kh7 61. Qb5 Qe4 62. Qxa5 Kh6 63. Qg5+ Kh7 64. Qd8 Qe1+ 65.
Kg2 Qe4+ 66. Kh2 Qe2 67. Qf6 Ne1 68. Qf7+ Kh8 69. Qf6+ Kh7 70. Qf7+ Kh8 71. Qc4
Nf3+ 72. Kg2 Ne1+ 73. Kh3 Nd3 74. Be5+ Qxe5 75. Qxd3 Qe6+ 76. Kh2 Qb6 77. Kg1
Kh7 78. Kf1 Qb4 79. Qg3 Qd2 80. Qc7+ Kh8 81. a5 Qd1+ 82. Kg2 Qxb3 83. a6 Qd5+
84. Kh2 Qa2 85. Qb8+ Kh7 86. Qb7+ Kh6 87. Kg2 Qa4 88. a7 Qg4+ 89. Kh2 Qxh4+ 90.
Kg1 Qg5+ 91. Kf1 Qc1+ 92. Ke2 Qc4+ 93. Ke3 Qc3+ 94. Ke4 Qe1+ 95. Kd3 Qf1+ 96.
Kc3 Qc1+ 97. Kd4 Qd2+ 98. Ke5 Qc3+ 99. Kd6 Qd4+ 100. Ke6 Qc4+ 101. Ke7 Qc5+
102. Kf7 Qxf2+ 103. Kg8 Qa2+ 104. Qf7 Qa5 105. Qf8+ Kg5 106. a8=Q Qe1 107. Qg2+
1-0

[Event "10. Torneo I. Cidade de Pontevedra 2022"]
[Site "Pontevedra ESP"]
[Date "2022.07.24"]
[Round "1.31"]
[White "Gomez Carreno, Martin"]
[Black "Bartolo, Filipe Diogo Correi"]
[Result "0-1"]
[WhiteElo "2155"]
[BlackElo "1815"]
[PlyCount "80"]
[EventDate "2022.07.24"]
[EventType "swiss"]
[EventRounds "9"]
[EventCountry "ESP"]
[SourceTitle "Ajedrez en Madrid"]
[Source "lmi"]
[SourceDate "2022.07.24"]
[SourceVersion "1"]
[SourceVersionDate "2022.08.06"]
[SourceQuality "1"]

1. e4 c5 2. Nc3 e6 3. Nf3 Nc6 4. d4 cxd4 5. Nxd4 d6 6. g3 Nf6 7. Bg2 Be7 8. O-O
O-O 9. Re1 Bd7 10. Ndb5 Be8 11. Bf4 Ne5 12. Qd4 Qb8 13. Rad1 Bxb5 14. Nxb5 Rd8
15. c4 a6 16. Nc3 Nh5 17. Bc1 Qc7 18. b3 Rac8 19. Bb2 Nc6 20. Qd2 Nf6 21. h3 h6
22. Kh2 Nd7 23. f4 Nc5 24. Qe3 Qa5 25. Re2 Bf6 26. Red2 Be7 27. Ba1 Bf8 28. Ne2
Qc7 29. Nd4 Nd7 30. Nf3 b5 31. Bf1 bxc4 32. Bxc4 a5 33. a3 Nb6 34. Ba6 Ra8 35.
Bb5 Qb7 36. Qc3 Rac8 37. Rxd6 Rxd6 38. Rxd6 Na7 39. Bc4 Nxc4 40. bxc4 Nb5 0-1

[Event "10. Torneo I. Cidade de Pontevedra 2022"]
[Site "Pontevedra ESP"]
[Date "2022.07.24"]
[Round "1.32"]
[White "Gonzalez Carro, Victor"]
[Black "Persson, Andreas"]
[Result "1-0"]
[WhiteElo "1808"]
[BlackElo "2154"]
[PlyCount "85"]
[EventDate "2022.07.24"]
[EventType "swiss"]
[EventRounds "9"]
[EventCountry "ESP"]
[SourceTitle "Ajedrez en Madrid"]
[Source "lmi"]
[SourceDate "2022.07.24"]
[SourceVersion "1"]
[SourceVersionDate "2022.08.06"]
[SourceQuality "1"]

1. e4 e5 2. Nf3 Nc6 3. Bb5 a6 4. Bxc6 dxc6 5. O-O Bd6 6. d4 exd4 7. Qxd4 f6 8.
Be3 Ne7 9. Nbd2 Be6 10. Qc3 O-O 11. Rad1 Ng6 12. Nc4 Qe7 13. Nxd6 cxd6 14. Nd4
Rae8 15. Rfe1 Qf7 16. Nxe6 Rxe6 17. f3 Rfe8 18. Qb3 Ne5 19. Bf4 d5 20. Bg3 Nc4
21. Qc3 b5 22. b3 Nb6 23. Bf2 Qc7 24. exd5 b4 25. Rxe6 Rxe6 26. Qc5 Nd7 27. d6
Qb7 28. Qc4 Kf7 29. f4 Qb5 30. Qd4 g6 31. Qa7 Ke8 32. Qa8+ Kf7 33. Qc8 c5 34.
a4 bxa3 35. c4 Qxb3 36. Qxd7+ Kf8 37. Rf1 Re8 38. Qc7 Rb8 39. d7 a2 40. d8=Q+
Rxd8 41. Qxd8+ Kg7 42. Qd7+ Kh6 43. Qh3+ 1-0

[Event "10. Torneo I. Cidade de Pontevedra 2022"]
[Site "Pontevedra ESP"]
[Date "2022.07.24"]
[Round "1.33"]
[White "Ereza Vizcarra, Fernando"]
[Black "Reza Salgado, Marcos"]
[Result "1/2-1/2"]
[WhiteElo "2131"]
[BlackElo "1790"]
[PlyCount "57"]
[EventDate "2022.07.24"]
[EventType "swiss"]
[EventRounds "9"]
[EventCountry "ESP"]
[SourceTitle "Ajedrez en Madrid"]
[Source "lmi"]
[SourceDate "2022.07.24"]
[SourceVersion "1"]
[SourceVersionDate "2022.08.06"]
[SourceQuality "1"]

1. d4 Nf6 2. Nf3 d6 3. c4 Nbd7 4. Nc3 e5 5. e4 Be7 6. h3 c6 7. Be3 Qc7 8. Be2
O-O 9. g4 a6 10. g5 Ne8 11. d5 f5 12. gxf6 Ndxf6 13. Qb3 c5 14. a4 b6 15. Ng5
h6 16. Ne6 Bxe6 17. dxe6 Qb7 18. Nd5 Nxe4 19. Qxb6 Ra7 20. Bd3 Ng5 21. Qxb7
Rxb7 22. O-O-O Nxe6 23. Be4 Ra7 24. Nxe7+ Rxe7 25. Rhg1 Nf4 26. Bxf4 Rxf4 27.
f3 a5 28. Rd3 Kf8 29. b3 1/2-1/2

[Event "10. Torneo I. Cidade de Pontevedra 2022"]
[Site "Pontevedra ESP"]
[Date "2022.07.24"]
[Round "1.34"]
[White "Lu, Maximillian"]
[Black "Vela Ignacio, Jose Manuel"]
[Result "1-0"]
[WhiteElo "2398"]
[BlackElo "2026"]
[PlyCount "75"]
[EventDate "2022.07.24"]
[EventType "swiss"]
[EventRounds "9"]
[EventCountry "ESP"]
[SourceTitle "Ajedrez en Madrid"]
[Source "lmi"]
[SourceDate "2022.07.24"]
[SourceVersion "1"]
[SourceVersionDate "2022.08.06"]
[SourceQuality "1"]

1. d4 d5 2. c4 e6 3. Nc3 Nf6 4. cxd5 exd5 5. Bg5 Nbd7 6. e3 Be7 7. Bd3 c6 8.
Qc2 Nh5 9. Bxe7 Qxe7 10. Nge2 g6 11. O-O-O Nb6 12. Rhe1 Be6 13. Kb1 Qb4 14. Ka1
O-O-O 15. f3 Ng7 16. Nf4 Rhe8 17. g4 Kb8 18. h4 Bc8 19. Bf1 Re7 20. Qf2 Ne6 21.
Nxe6 Rxe6 22. e4 dxe4 23. fxe4 Red6 24. a3 Qb3 25. e5 R6d7 26. Ne4 Re7 27. Rd3
Qa4 28. Nc5 Qc4 29. b3 Qb5 30. Rf3 Nc4 31. Bxc4 Qa5 32. b4 Qb6 33. Rxf7 Rxf7
34. Bxf7 a5 35. Rb1 axb4 36. Rxb4 Qa5 37. Qb2 Qa7 38. Ra4 1-0

[Event "10. Torneo I. Cidade de Pontevedra 2022"]
[Site "Pontevedra ESP"]
[Date "2022.07.25"]
[Round "2.1"]
[White "Grigoryan, Karen H."]
[Black "Medarde Santiago, Luis Marcos"]
[Result "1-0"]
[WhiteElo "2643"]
[BlackElo "2330"]
[PlyCount "73"]
[EventDate "2022.07.24"]
[EventType "swiss"]
[EventRounds "9"]
[EventCountry "ESP"]
[SourceTitle "Ajedrez en Madrid"]
[Source "lmi"]
[SourceDate "2022.07.24"]
[SourceVersion "1"]
[SourceVersionDate "2022.08.06"]
[SourceQuality "1"]

1. d4 Nf6 2. Nf3 d5 3. c4 e6 4. e3 Be7 5. b3 O-O 6. Bd3 b6 7. O-O Bb7 8. Bb2
Nbd7 9. Qe2 c5 10. Rd1 cxd4 11. exd4 Rc8 12. Nbd2 Re8 13. Rac1 Rc7 14. Ne5 Nxe5
15. dxe5 Nd7 16. cxd5 Rxc1 17. Rxc1 Bxd5 18. Bb5 Rf8 19. Nf1 Nc5 20. Ne3 Be4
21. Rd1 Qc7 22. b4 a6 23. Bxa6 Nxa6 24. Qxa6 Ra8 25. Qb5 Rxa2 26. Qe8+ Bf8 27.
Rd8 Qxd8 28. Qxd8 Rxb2 29. f3 Bc6 30. Nc4 Rxb4 31. Nd6 Rb1+ 32. Kf2 Rb2+ 33.
Kg3 f6 34. Qc8 Bd5 35. Qe8 h5 36. Qf7+ Kh7 37. Qxh5+ 1-0

[Event "10. Torneo I. Cidade de Pontevedra 2022"]
[Site "Pontevedra ESP"]
[Date "2022.07.25"]
[Round "2.2"]
[White "Fernandez Lopez, Ruben"]
[Black "Mendonca, Leon Luke"]
[Result "1/2-1/2"]
[WhiteElo "2324"]
[BlackElo "2567"]
[PlyCount "73"]
[EventDate "2022.07.24"]
[EventType "swiss"]
[EventRounds "9"]
[EventCountry "ESP"]
[SourceTitle "Ajedrez en Madrid"]
[Source "lmi"]
[SourceDate "2022.07.24"]
[SourceVersion "1"]
[SourceVersionDate "2022.08.06"]
[SourceQuality "1"]

1. e4 c6 2. d4 d5 3. Nd2 dxe4 4. Nxe4 Bf5 5. Ng3 Bg6 6. N1e2 Nf6 7. h4 h6 8.
Nf4 Bh7 9. c3 e6 10. Bd3 Bxd3 11. Nxd3 Nbd7 12. Nh5 Qa5 13. Nxf6+ Nxf6 14. a4
Bd6 15. Qf3 O-O-O 16. O-O Qd5 17. Qxd5 cxd5 18. b3 Ne4 19. c4 g5 20. c5 Bc7 21.
b4 gxh4 22. Bf4 Rdg8 23. Bxc7 Kxc7 24. b5 Rg5 25. b6+ axb6 26. cxb6+ Kxb6 27.
Rfc1 Rhg8 28. Rab1+ Ka6 29. Rc7 Rxg2+ 30. Kh1 Nxf2+ 31. Nxf2 Rxf2 32. Rbxb7 Ra8
33. Rb5 Rd8 34. Rc6+ Ka7 35. Rc7+ Ka6 36. Rc6+ Ka7 37. Rc7+ 1/2-1/2

[Event "10. Torneo I. Cidade de Pontevedra 2022"]
[Site "Pontevedra ESP"]
[Date "2022.07.25"]
[Round "2.3"]
[White "Rey Malde, Henrique"]
[Black "Pulvett Marin, Daniel Eduardo"]
[Result "1/2-1/2"]
[WhiteElo "2297"]
[BlackElo "2523"]
[PlyCount "54"]
[EventDate "2022.07.24"]
[EventType "swiss"]
[EventRounds "9"]
[EventCountry "ESP"]
[SourceTitle "Ajedrez en Madrid"]
[Source "lmi"]
[SourceDate "2022.07.24"]
[SourceVersion "1"]
[SourceVersionDate "2022.08.06"]
[SourceQuality "1"]

1. e4 c5 2. Nf3 e6 3. d4 cxd4 4. Nxd4 Nc6 5. Nc3 Qc7 6. Be3 a6 7. Qd2 Nf6 8.
O-O-O Be7 9. f4 b5 10. e5 b4 11. Ncb5 axb5 12. Nxb5 Qb8 13. exf6 gxf6 14. Kb1
d5 15. Qf2 Ba6 16. Bb6 Bxb5 17. Bxb5 Qb7 18. b3 Rb8 19. Bxc6+ Qxc6 20. Bd4 Ra8
21. Rhe1 Kd7 22. Re3 Rhc8 23. c4 Ke8 24. f5 dxc4 25. fxe6 fxe6 26. Qe2 Qd5 27.
Be5 cxb3 1/2-1/2

[Event "10. Torneo I. Cidade de Pontevedra 2022"]
[Site "Pontevedra ESP"]
[Date "2022.07.25"]
[Round "2.4"]
[White "Galperin, Platon"]
[Black "Mahitosh, Dey"]
[Result "1-0"]
[WhiteElo "2518"]
[BlackElo "2212"]
[PlyCount "29"]
[EventDate "2022.07.24"]
[EventType "swiss"]
[EventRounds "9"]
[EventCountry "ESP"]
[SourceTitle "Ajedrez en Madrid"]
[Source "lmi"]
[SourceDate "2022.07.24"]
[SourceVersion "1"]
[SourceVersionDate "2022.08.06"]
[SourceQuality "1"]

{[%evp 0,25,19,-17,1,-21,-4,-10,-5,10,9,6,8,2,-7,12,56,13,20,13,13,-36,-26,-43,
-19,-90,-31,16]} 1. c4 e6 2. Nf3 d5 3. e3 Nf6 4. Nc3 Be7 5. b3 O-O 6. Bb2 c5 7.
cxd5 Nxd5 8. Qc2 Nc6 9. Rc1 b6 10. h4 Bb7 11. Ng5 g6 12. Nce4 Ncb4 13. Qb1 Nf6
14. Ng3 Qd6 15. h5 1-0

[Event "10. Torneo I. Cidade de Pontevedra 2022"]
[Site "Pontevedra ESP"]
[Date "2022.07.25"]
[Round "2.5"]
[White "Manolache, Marius"]
[Black "Bringas Gomez, Artai"]
[Result "1-0"]
[WhiteElo "2469"]
[BlackElo "2203"]
[PlyCount "43"]
[EventDate "2022.07.24"]
[EventType "swiss"]
[EventRounds "9"]
[EventCountry "ESP"]
[SourceTitle "Ajedrez en Madrid"]
[Source "lmi"]
[SourceDate "2022.07.24"]
[SourceVersion "1"]
[SourceVersionDate "2022.08.06"]
[SourceQuality "1"]

{[%evp 0,39,19,25,47,20,19,-10,-3,6,53,40,44,60,58,58,74,39,62,51,31,-9,-12,22,
7,7,13,5,31,31,84,66,73,146,77,55,169,0,29,56,56,25]} 1. d4 e6 2. Nf3 d5 3. c4
Nf6 4. Nc3 dxc4 5. Bg5 Bb4 6. e4 c5 7. Bxc4 cxd4 8. Nxd4 Bxc3+ 9. bxc3 Qa5 10.
Bd2 Nxe4 11. Qg4 Nxd2 12. Qxg7 Nxc4 13. Qxh8+ Ke7 14. O-O Nc6 15. Rad1 Nb2 16.
Nxc6+ bxc6 17. Rd4 Na4 18. Qxh7 Nxc3 19. Qh4+ Ke8 20. Rg4 Bb7 21. Rb4 Ba6 22.
Qh8+ 1-0

[Event "10. Torneo I. Cidade de Pontevedra 2022"]
[Site "Pontevedra ESP"]
[Date "2022.07.25"]
[Round "2.6"]
[White "Shyaamnikhil, P.."]
[Black "Torres Boch, Jose Francisco"]
[Result "1-0"]
[WhiteElo "2443"]
[BlackElo "2188"]
[PlyCount "75"]
[EventDate "2022.07.24"]
[EventType "swiss"]
[EventRounds "9"]
[EventCountry "ESP"]
[SourceTitle "Ajedrez en Madrid"]
[Source "lmi"]
[SourceDate "2022.07.24"]
[SourceVersion "1"]
[SourceVersionDate "2022.08.06"]
[SourceQuality "1"]

1. Nf3 Nf6 2. g3 b5 3. Bg2 Bb7 4. Na3 a6 5. c4 e6 6. b3 b4 7. Nc2 c5 8. O-O Be7
9. d3 O-O 10. e4 d6 11. Bb2 Nc6 12. Re1 e5 13. Nd2 Ne8 14. f4 exf4 15. gxf4 f5
16. exf5 Bf6 17. d4 cxd4 18. Ne4 Kh8 19. Nxf6 Nxf6 20. Nxb4 Nxb4 21. Bxb7 d3
22. Bxa8 Qxa8 23. Bc3 Nc2 24. Qxd3 Nxa1 25. Bxa1 d5 26. Bxf6 gxf6 27. Qxd5 Qa7+
28. c5 a5 29. Re3 Rc8 30. Qd6 Qxc5 31. Qxf6+ Kg8 32. Qe6+ Kh8 33. Kg2 Qc2+ 34.
Kh3 Qc7 35. Qe5+ Kg8 36. Rg3+ Kf8 37. Qh8+ Ke7 38. Qg7+ 1-0

[Event "10. Torneo I. Cidade de Pontevedra 2022"]
[Site "Pontevedra ESP"]
[Date "2022.07.25"]
[Round "2.7"]
[White "Aguilera Lopez, Alejandro"]
[Black "Del Rio De Angelis, Salvador G."]
[Result "0-1"]
[WhiteElo "2219"]
[BlackElo "2442"]
[PlyCount "62"]
[EventDate "2022.07.24"]
[EventType "swiss"]
[EventRounds "9"]
[EventCountry "ESP"]
[SourceTitle "Ajedrez en Madrid"]
[Source "lmi"]
[SourceDate "2022.07.24"]
[SourceVersion "1"]
[SourceVersionDate "2022.08.06"]
[SourceQuality "1"]

1. e3 g6 2. c4 Bg7 3. Nc3 Nf6 4. g3 d5 5. cxd5 Nxd5 6. Bg2 c6 7. Nge2 O-O 8.
O-O Be6 9. d4 Na6 10. e4 Nxc3 11. bxc3 Bc4 12. Re1 e5 13. Be3 Qa5 14. f4 Bxe2
15. Qxe2 exf4 16. gxf4 Qxc3 17. Rec1 Qa3 18. Rab1 Rad8 19. e5 Nc7 20. Rxb7 Ne6
21. d5 cxd5 22. Rxa7 Nd4 23. Qd2 Qxc1+ 24. Qxc1 Ne2+ 25. Kf2 Nxc1 26. Bxc1 Rc8
27. Bd2 Rfd8 28. Ke3 Bh6 29. Kd3 Rc4 30. Bh3 Bxf4 31. Bc3 Re4 0-1

[Event "10. Torneo I. Cidade de Pontevedra 2022"]
[Site "Pontevedra ESP"]
[Date "2022.07.25"]
[Round "2.8"]
[White "Garrido Outon, Alex"]
[Black "Tadevosyan, Aspet"]
[Result "0-1"]
[WhiteElo "2436"]
[BlackElo "2177"]
[PlyCount "116"]
[EventDate "2022.07.24"]
[EventType "swiss"]
[EventRounds "9"]
[EventCountry "ESP"]
[SourceTitle "Ajedrez en Madrid"]
[Source "lmi"]
[SourceDate "2022.07.24"]
[SourceVersion "1"]
[SourceVersionDate "2022.08.06"]
[SourceQuality "1"]

1. e4 e5 2. Nf3 Nc6 3. Bb5 a6 4. Ba4 Nf6 5. O-O b5 6. Bb3 Bc5 7. a4 Rb8 8. axb5
axb5 9. Nxe5 Nxe5 10. d4 Bxd4 11. Qxd4 d6 12. f4 Nc6 13. Qd3 O-O 14. e5 dxe5
15. Qxd8 Nxd8 16. fxe5 Ne4 17. c3 b4 18. Bc2 bxc3 19. bxc3 Nc5 20. Be3 Nde6 21.
Ra5 Rb2 22. Rf2 Nb7 23. Rd5 c6 24. Rdd2 Rb5 25. Na3 Rxe5 26. Nc4 Rb5 27. Be4
Nbc5 28. Bc2 Nd7 29. Nd6 Rd5 30. Be4 Rxd2 31. Rxd2 Ne5 32. Bd4 Nxd4 33. cxd4
Ng6 34. Bxc6 Ne7 35. d5 Rd8 36. Nxc8 Nxc8 37. Kf2 Nd6 38. Rb2 g6 39. Rb1 Kg7
40. Ke3 f5 41. Kd4 Kf6 42. g3 h5 43. Rb6 h4 44. Bb5 hxg3 45. hxg3 Kg5 46. Ke5
Ne4 47. Bd3 Nxg3 48. d6 f4 49. Ke6 Nf5 50. d7 f3 51. Rb4 f2 52. Rb2 Nd4+ 53.
Ke7 Nc6+ 54. Kd6 Nb8 55. Bb5 Rxd7+ 56. Kc5 Rc7+ 57. Kd4 Rb7 58. Kc5 f1=Q 0-1

[Event "10. Torneo I. Cidade de Pontevedra 2022"]
[Site "Pontevedra ESP"]
[Date "2022.07.25"]
[Round "2.9"]
[White "Villar Perez, Samuel"]
[Black "Vignesh, N R.."]
[Result "1-0"]
[WhiteElo "2188"]
[BlackElo "2427"]
[PlyCount "119"]
[EventDate "2022.07.24"]
[EventType "swiss"]
[EventRounds "9"]
[EventCountry "ESP"]
[SourceTitle "Ajedrez en Madrid"]
[Source "lmi"]
[SourceDate "2022.07.24"]
[SourceVersion "1"]
[SourceVersionDate "2022.08.06"]
[SourceQuality "1"]

1. e4 c5 2. Nf3 d6 3. d4 cxd4 4. Nxd4 Nf6 5. Nc3 a6 6. Bg5 e6 7. f4 Qb6 8. Qd2
Nc6 9. O-O-O Qxd4 10. Qxd4 Nxd4 11. Rxd4 Nd7 12. Be2 h6 13. Bh4 g5 14. fxg5 Be7
15. Bg3 hxg5 16. Bxd6 Bxd6 17. Rxd6 Ke7 18. Rd4 Ne5 19. Na4 Bd7 20. Nb6 Rab8
21. Nxd7 Nxd7 22. h3 Ne5 23. Rhd1 Rbc8 24. a4 Rh4 25. c3 Rc7 26. Kd2 Nc6 27.
Rc4 Rd7+ 28. Ke1 Rxd1+ 29. Kxd1 Rh8 30. Kd2 Kd6 31. b4 Ne5 32. Rd4+ Ke7 33. Kc2
Rh4 34. Kd2 Rh8 35. a5 Nc6 36. Rc4 Kd6 37. Ke3 f6 38. Bd1 Rg8 39. Ba4 Ne5 40.
Rd4+ Ke7 41. c4 g4 42. h4 g3 43. Bd1 Nc6 44. Rd2 Rd8 45. Rxd8 Kxd8 46. h5 Ke7
47. h6 Kf7 48. Bh5+ Kg8 49. Bg4 Nxb4 50. Bxe6+ Kh7 51. Bc8 Nc6 52. Bxb7 Nxa5
53. Bxa6 Nb3 54. Kf4 Kxh6 55. Kxg3 Kg5 56. Bb7 Kg6 57. Bd5 Kg7 58. Kf4 Nc5 59.
Kf5 Nd3 60. Ke6 1-0